| 000 | 01151nam a2200265Ia 4500 | ||
|---|---|---|---|
| 001 | 18518 | ||
| 003 | GE_BSU | ||
| 008 | 181216s||||||||xx |||||||||||||| ||und|| | ||
| 020 | _aISBN 978-9941-18-077-4 | ||
| 040 | _cGE_BSU | ||
| 100 | _aჰობსბაუმი, ერიკ. | ||
| 245 | _aერები და ნაციონალიზმი 1780 წლიდან | ||
| 245 | _bპროგრამა, მითი, რეალობა | ||
| 245 | _cმთარგმნ. სანდრო გაბისონია ; რედ.: ლიანა გოგიჩაიშვილი [და სხვ.]] | ||
| 260 | _aთბილისი | ||
| 260 | _bილიას სახელმწ. უნ-ტი, | ||
| 260 | _c2012 | ||
| 300 | _a262გვ, 22სმ. | ||
| 300 | _bბიბლიოგრ. ტექსტ. შენიშვნ. | ||
| 541 | _h10ლ. | ||
| 653 | _aერები და ნაციონალიზმი 1780 წლიდან | ||
| 653 | _aნაციონალიზმი; ეროვნული საკითხი; | ||
| 653 | _aპოლიტიკა | ||
| 942 | _cBK | ||
| 999 |
_c51528 _d51528 |
||